01152cam a22002291 4500001001300000003000400013005001700017008004100034010001700075035002000092040002600112042001200138043001200150050001600162245005100178260009200229300002300321505049600344650002600840700003900866999001700905sa 64005154 DLC20260227112030.0860515m19349999ii f000 0 eng  asa 64005154  a(OCoLC)15867145 aDLCcMnSUdOCoLCdDLC apremarc aa-ii---00aQK355b.F5800aFlora of Assam,cby U. N. Kanjilal and others. a[Shillona]bPublished under the authority of the Government of Assam,c[pref. 1934-40?] a5. v. in 6c19 cm.1 av. 1, pt. 1, Ranunculaceae to Elaeocarpaceae, by U. N. Kanjilal, P. C. Kanjilal, and A. Das.--v. 1, pt. 2, Linaceae to Moringaceae by U. N. Kanjilal, P. C. Kanjilal, A. Das and C. Purkayastha.--v. 2. Connaraceae to Coraceae, by U. N. Kanjilal, P. C. Kanjilal, and A. Das.--v. 3. Caprifoliceae to Plantaginaceae, by U. N. Kanjilal, A. Das, P. C. Kanjilal and R. N. De.--v. 4. Nyctaginaceae to Cycadaceae, by U. N. Kanjilal, P. C. Kanjilal, R. N. De and A. Das.--v. 5. Gramineae, by N. L. Bor. 0aBotanyzIndiazAssam.1 aKanjilal, Upendranath,d1859-1928. c58972d58972